000 00749nam a2200193Ia 4500
008 151121s9999||||xx |||||||||||||| ||und||
082 _a831/कुमार
082 _bHNW-64481
100 _aकुमार विकल
245 _aनिरुपमा त्त मैं बहुत उदास हूँ
260 _b"आधार प्रकाशन, पंचकुला- हरियाना"
260 _c--
300 _a84
600 _aकुमार विकल
630 _aनिरुपमा त्त मैं बहुत उदास हूँ
700 _aकुमार विकल
730 _aनिरुपमा त्त मैं बहुत उदास हूँ
942 _cBOOK
999 _c1246007
_d1246004